000
00309nam a2200133Ia 4500
005
20260328104253.0
008
260328s9999||||xx |||||||||||||| ||und||
100
_a
Farr, Finis
245
0
_a
Frank Lloyd Wright /
_c
Finis Farr
260
_b
Scribner
300
_a
293 p.
650
_a
ARQUITECTOS
942
_c
BK
999
_c
10315
_d
10315